000 00201 a2200097 4500
001 2358
100 _aGoodwin, R
245 _aSpace frontier unlimited
260 _a
_bNostrand
_c
090 _c1713
_d1713
942 _aNUST-CAE
_cM
_c7925
999 _c237431
_d237431